Top 15 NFL players with the longest careers - Statistics

General Stats
  • This quiz has been taken 17 times
  • The average score is 4 of 15
Answer Stats
# Position Player % Correct
22 QB Tom Brady
88%
26 QB George Blanda
75%
19 WR Jerry Rice
63%
19 QB Brett Favre
38%
19 QB Drew Brees
25%
16 TE Tony Gonzalez
25%
17 TE Jason Witten
19%
18 TE Mercedes Lewis
19%
21 OT Lou Groza
13%
18 OL Bruce Matthews
6%
18 LB Clay Matthews
6%
19 CB Darrell Green
6%
19 DE Jim Marshall
6%
19 LB Junior Seau
6%
19 TE Trey Junkin
6%
No matching quizzes found
Score Distribution
Percent of People with Each Score
Percentile by Number Answered
Your Score History
You have not taken this quiz